00292nam a2200121Ia 4500008004100000082001800041100002100059245003700080250000800117260002100125300000800146650001600154191201s2019 xx 000 0 und d a621.3192bDIP aDINCAN GLOVER, J 0aPower System Analysis and Design a3rd aN.DelhibThomson a656 aB.Tech(ECE)